[Event "It (open) \"]
[Site "masterchessopen.com - Sukhumi (Georgia)"]
[Date "2007.08.04"]
[Round "2"]
[White "Ponomarev Dmitry (RUS)"]
[Black "Grechihin Valery (RUS)"]
[Result "1-0"]
[WhiteElo "2194"]
[BlackElo "2294"]

1.d4 Nf6 2.c4 c5 3.d5 e6 4.Nc3 exd5 5.cxd5 d6 6.e4 g6 7.Be2 Bg7 8.Nf3 O-O
9.O-O Bg4 10.Nd2 Bxe2 11.Qxe2 Nbd7 12.Nc4 Nb6 13.Bg5 Nxc4 14.Qxc4 h6 15.Bh4 g5
16.Bg3 Nh5 17.Ne2 a6 18.a4 Rb8 19.Qc2 Qf6 20.Ra2 Rfe8 21.a5 Qe7 22.Ra4 f5
23.f3 f4 24.Bf2 Nf6 25.b4 cxb4 26.Nd4 Rec8 27.Qb1 Qc7 28.Ne6 Qd7 29.Rxb4 b5
30.axb6 Qb7 31.Rc1 Rxc1+ 32.Qxc1 Ne8 33.h4 Bf6 34.Qc6 Kf7 35.Qxb7+ Rxb7 36.Ra4
Ng7 37.hxg5 hxg5 38.Nxg7 Kxg7 39.Rxa6 Kg6 40.Ra7 Rb8 41.Rd7 {#r} 1-0

[Event "Ch Argentina (team)"]
[Site "masterchessopen.com - Argentina"]
[Date "2007.08.25"]
[Round "3"]
[White "Goldwaser Romina (ARG)"]
[Black "Cordiviola J"]
[Result "1-0"]
[WhiteElo "1999"]
[BlackElo "1833"]

1.d4 e6 2.c4 Nf6 3.Nf3 c5 4.d5 exd5 5.cxd5 d6 6.Nc3 g6 7.e4 Bg7 8.Be2 O-O
9.O-O Na6 10.Nd2 Rb8 11.Nb5 Nc7 12.Nxc7 Qxc7 13.a4 Re8 14.f3 Nd7 15.Nc4 Ne5
16.Qc2 Bd7 17.Bd2 Nxc4 18.Bxc4 b5 19.Bxb5 Bxb5 20.axb5 Rxb5 21.Qa4 Bd4+ 22.Kh1
Reb8 23.Bc3 Bxc3 24.bxc3 R8b7 25.f4 Qe7 26.Rae1 Qh4 27.e5 dxe5 28.c4 Rb2
29.Qe8+ Kg7 30.Qxe5+ Qf6 31.d6 R2b6 32.Qxc5 Qxd6 33.Qe5+ Qf6 34.h3 Rc6 35.Qd5
Rbc7 36.Rc1 Qe6 37.Qd4+ Qf6 38.Qd5 Qe6 39.Qd4+ f6 40.Rfe1 Qd6 41.Qe4 Qb4 42.c5
Qb5 43.Qe8 Rf7 44.Re7 Rxe7 45.Qxe7+ {#r} 1-0

[Event "It (open)"]
[Site "masterchessopen.com - Stillwater (USA)"]
[Date "2007.09.03"]
[Round "10"]
[White "Betaneli Aleksandr (USA)"]
[Black "Plunkett Robert (USA)"]
[Result "1-0"]
[WhiteElo "2226"]
[BlackElo "2097"]

1.d4 Nf6 2.c4 c5 3.d5 e6 4.Nc3 exd5 5.cxd5 d6 6.e4 g6 7.Nf3 Bg7 8.Be2 O-O
9.O-O Bg4 10.a4 Re8 11.h3 Bxf3 12.Bxf3 a6 13.Bf4 Qc7 14.Rc1 Nbd7 15.b4 b6
16.b5 a5 17.Qc2 Ne5 18.Be2 h5 19.Be3 Nh7 20.f4 Nd7 21.Bf3 f5 22.e5 dxe5 23.d6
Qxd6 24.Rcd1 Qe7 25.Bxa8 Rxa8 26.Nd5 Qf7 27.Qd2 Re8 28.Nc7 Re7 29.Qd5 Nhf6
30.Qxf7+ Kxf7 31.fxe5 Nxe5 32.Bf4 Ne4 33.Nd5 Re6 34.Bc1 Nc4 35.g4 hxg4 36.hxg4
Bd4+ 37.Kg2 Rd6 38.Nf4 g5 39.Nh3 f4 40.Rde1 Ned2 41.Nxg5+ Kg6 42.Bxd2 Nxd2
43.Ne4 f3+ 44.Kh3 Nxe4 45.Rxe4 f2 46.Kh2 Kg5 47.Rh1 Rf6 48.Rf1 {#r} 1-0

[Event "It (open)"]
[Site "masterchessopen.com - Corfu (Greece)"]
[Date "2007.10.08"]
[Round "7"]
[White "De Andres Gonalons Fernando (ESP)"]
[Black "Zierke Oliver (GER)"]
[Result "0-1"]
[WhiteElo "2115"]
[BlackElo "2300"]

1.d4 Nf6 2.c4 e6 3.Nf3 c5 4.d5 exd5 5.cxd5 d6 6.Nc3 g6 7.e4 Bg7 8.Be2 O-O
9.O-O Na6 10.Bxa6 bxa6 11.h3 Rb8 12.Rb1 Nh5 13.Be3 f5 14.Bg5 Qc7 15.e5 dxe5
16.d6 Qc6 17.Nd5 Kh8 18.Be7 Rg8 19.b3 h6 20.Nc7 e4 21.Nd2 Nf4 22.Nc4 Kh7
23.Kh2 Ne6 24.Na5 Qd7 25.Nd5 Nd4 26.Nc4 Qe6 27.Rc1 Qxd5 {#R} 0-1

[Event "It (open)"]
[Site "masterchessopen.com - Guernsey"]
[Date "2007.10.22"]
[Round "2"]
[White "Cornelisse Johnny J A (NED)"]
[Black "Hamperl Fred (GCI)"]
[Result "1-0"]
[WhiteElo "2187"]
[BlackElo "2077"]

1.d4 Nf6 2.c4 c5 3.d5 e6 4.Nc3 exd5 5.cxd5 d6 6.e4 g6 7.Nf3 Bg7 8.Be2 O-O
9.O-O Bg4 10.Nd2 Bxe2 11.Qxe2 Re8 12.Nc4 b5 13.Nxb5 Nxe4 14.Re1 a6 15.Nc3 f5
16.Nxe4 Rxe4 17.Qf1 Rd4 18.Be3 Rxd5 19.Red1 Bd4 20.Qe2 Nc6 21.Qf3 Nb4 22.a3
Bxe3 23.Nxe3 Rd4 24.axb4 Rxb4 25.Qd5+ Kg7 26.Nc4 Ra7 27.Nxd6 Qa8 28.Qe5+ Kh6
29.Nxf5+ gxf5 30.Qf6+ Kh5 31.Qxf5+ Kh6 32.Qf6+ Kh5 33.Ra3 Rh4 34.Qf5+ Kh6
35.Re3 Kg7 36.Rg3+ Kh8 37.Qf6+ Rg7 38.Qxg7# 1-0

[Event "It (open)"]
[Site "masterchessopen.com - Prague (Czech Republic)"]
[Date "2008.01.13"]
[Round "3"]
[White "Johansson Thomas (SWE)"]
[Black "Roy Chowdhury Saptarshi (IND)"]
[Result "0-1"]
[WhiteElo "2158"]
[BlackElo "2447"]

1.d4 Nf6 2.c4 e6 3.Nf3 c5 4.d5 exd5 5.cxd5 d6 6.Nc3 g6 7.e4 Bg7 8.Be2 O-O
9.O-O Bg4 10.Nd2 Bxe2 11.Qxe2 Na6 12.Nc4 Nc7 13.a4 Re8 14.Bf4 Ncxd5 15.Nxd5
Nxd5 16.Bxd6 Bd4 17.Bg3 Re6 18.Kh1 Nb6 19.f3 Nxc4 20.Qxc4 Rb6 21.Rab1 Rc8
22.b3 Rb4 23.Qd3 c4 24.bxc4 Rcxc4 25.Rfd1 Rxb1 26.Rxb1 Qc8 27.Bf4 Rxa4 28.h4
a6 29.Kh2 b5 {#R} 0-1

[Event "It (open)"]
[Site "masterchessopen.com - New Delhi (India)"]
[Date "2008.01.15"]
[Round "5"]
[White "Darban Morteza (IRI)"]
[Black "Dzhumaev Marat (UZB)"]
[Result "0-1"]
[WhiteElo "2392"]
[BlackElo "2540"]

{ } 1.e4 g6 2.d4 Bg7 3.c4 c5 4.d5 d6 5.Nc3 Nf6 6.Be2 O-O 7.Nf3 e6 8.O-O exd5
9.cxd5 { ? } ( 9.exd5 h6 10.h3 Re8 11.Bd3 a6 12.a4 Nbd7 13.a5 Ne5 14.Nxe5 dxe5
15.Be3 Qd6 16.Qd2 Kh7 17.Na4 Nd7 18.b4 cxb4 19.c5 Qc7 20.Bc2 f5 21.Qxb4 f4
22.Bd2 Rb8 23.Rac1 Nf6 24.Nb6 Bf5 25.Ba4 Red8 26.d6 Qf7 27.Rfe1 Nd5 28.Qc4 Be6
{ ...1-0, Giorgadze Giorgi 2625 - Tirard Hugo 2370 , Andorra 1997 It (open) }
) 9...Bg4 10.Bf4 a6 { = } 11.h3 ( 11.a4 Qe7 12.Nd2 Bxe2 13.Qxe2 Nh5 14.Be3 Nd7
15.Rae1 b5 16.axb5 axb5 17.Nxb5 Rfb8 18.Rb1 Ra2 19.b4 cxb4 20.Rxb4 Rc2 21.Qd1
Rc7 22.Rb3 Rcb7 23.Nd4 Rxb3 24.N4xb3 Qh4 25.Nd4 Ne5 26.N4f3 Nxf3+ 27.Qxf3 Re8
28.Rc1 Nf6 29.h3 Nd7 30.Rc7 Ne5 { ...1-0, Anand Viswanathan 2765 - Illescas
Cordoba Miguel 2585 , Leon 1997 Match } ) 11...Bxf3 12.Bxf3 b5 ( 12...Ne8
13.a4 Nd7 14.Qd2 Rb8 15.Be2 Qe7 16.Rfe1 Nc7 17.Bf1 Rfe8 18.Kh1 b6 19.Bg5 Qe5
20.f4 Qd4 21.Qc2 c4 22.e5 b5 23.Rad1 Qb6 24.e6 fxe6 25.dxe6 Rxe6 26.axb5 axb5
27.Rxe6 Nxe6 28.Nxb5 Nxg5 29.Bxc4+ Kh8 30.fxg5 Ne5 31.Nxd6 Qxb2 32.Qe4 {
...0-1, Ivanov Alexander Al 2430 - Gurevich Dmitry 2505 , USA 1984 } ) (
12...Re8 13.Qd2 Qc7 14.e5 { +0.37 CAP } ) 13.a4 ( 13.Qc2 Ne8 14.a4 b4 15.Nd1
Nd7 16.Bd2 Qe7 17.Ne3 Nef6 18.Nc4 Ne5 19.Nxe5 Qxe5 20.Rae1 Nd7 21.Rb1 Rfe8
22.Rfe1 a5 23.g3 Rab8 24.Bg2 Qd4 25.Red1 Ne5 26.b3 c4 27.Be3 Qc3 28.Qa2 cxb3
29.Rxb3 Qc7 30.Rc1 Qd8 31.Qe2 Rc8 32.Rbb1 Qd7 { ...1/2-1/2, Rukavina Josip
2460 - Rajkovic Dusan 2470 , Borovo 1981 Ch Yugoslavia } ) ( 13.e5 dxe5 14.d6
exf4 { +1.02 CAP } ) 13...b4 14.Nb1 Ne8 { +0.15 CAP } 15.Qb3 { N } ( 15.Qc1
Nd7 16.Nd2 Ne5 17.Be2 f5 18.exf5 Rxf5 19.Be3 Nc7 20.Nc4 Nxd5 21.Rd1 Nxe3
22.Rxd6 Qc7 23.Qxe3 Nxc4 24.Bxc4+ Kh8 25.Rad1 Bd4 26.R1xd4 cxd4 27.Qxd4+ Qg7
28.Qd2 Raf8 29.Rd7 Qe5 30.Rd5 Qf4 31.Qxf4 Rxf4 32.Bxa6 Rxf2 33.b3 Rb2 34.Rd3
Rff2 { ...0-1, Bjarnason Saevar 2262 - Spoelman Wouter 2195 , Vlissingen 2002
It (open) } ) 15...Nd7 16.Nd2 Qf6 17.Qe3 Qxb2 18.Bg4 Ne5 19.Be2 Nf6 20.Rfc1
Rfe8 21.a5 Ned7 22.Nc4 { ?! } ( 22.Qd3 { !? } 22...Ne5 23.Qe3 Nh5 24.Bxh5 gxh5
25.Rab1 Qa3 26.Nb3 Qa2 27.Bxe5 Bxe5 28.Nd2 Qxa5 { } ) 22...Nxd5 23.Qf3 Qf6
24.exd5 Rxe2 25.Qxe2 Qxf4 26.Rab1 Bd4 27.Rc2 Nf6 28.Nb6 Re8 29.Qxa6 b3 30.Re2
Rxe2 31.Qxe2 Ne4 32.Rxb3 Bxf2+ 33.Kh1 Qc1+ { } {#R} 0-1

[Event "Memorial Jose Marca (open)"]
[Site "masterchessopen.com - Lima (Peru)"]
[Date "2008.01.16"]
[Round "2"]
[White "Angulo Alberto (PER)"]
[Black "Padilla Hugo (PER)"]
[Result "0-1"]
[WhiteElo "2054"]
[BlackElo "2191"]

1.d4 Nf6 2.c4 c5 3.d5 e6 4.Nc3 exd5 5.cxd5 d6 6.e4 g6 7.Be2 Bg7 8.Nf3 O-O
9.O-O Na6 10.Bg5 h6 11.Bf4 g5 12.Bc1 Nc7 13.Nd2 Re8 14.a4 b6 15.Re1 Rb8 16.Qc2
Na6 17.Nf1 Nb4 18.Qb1 Ng4 19.Ne3 Nxe3 20.Bxe3 Rf8 21.f4 f5 22.fxg5 hxg5 23.Rf1
f4 24.Bf2 Be5 25.Qd1 Rb7 26.Ra3 Qf6 27.Kh1 Rh7 28.Bg1 Rh4 29.g4 Qh6 30.Bf3 Ba6
31.Rf2 Rf7 32.Rg2 Qf6 33.Rd2 Rfh7 34.Rg2 Nd3 35.a5 Nb4 36.axb6 axb6 37.Qa1 Rh3
38.Qd1 Bd4 39.Na4 Bxg1 40.Kxg1 b5 41.Nc3 Qd4+ 42.Qxd4 cxd4 43.Nd1 Rc7 44.Rd2
d3 45.Bg2 Rc2 46.Rf2 Re3 47.Kf1 Rc1 48.Rd2 f3 49.Bh1 Re2 50.Bxf3 Rxd2 {#R} 0-1

[Event "Ch PriFO"]
[Site "masterchessopen.com - Kazan (Russia)"]
[Date "2008.01.29"]
[Round "7"]
[White "Dimukhametov Artur (RUS)"]
[Black "Ioffe Dmitry (RUS)"]
[Result "1-0"]
[WhiteElo "2285"]
[BlackElo "2159"]

1.d4 Nf6 2.c4 c5 3.d5 g6 4.Nc3 Bg7 5.e4 O-O 6.Nf3 e6 7.Be2 d6 8.O-O exd5
9.cxd5 Bg4 10.Nd2 Bxe2 11.Qxe2 Nbd7 12.a4 Qe7 13.f4 Rfe8 14.Re1 Nh5 15.g3 Bd4+
16.Kf1 Nhf6 17.Nb5 Nb6 18.Nxd4 cxd4 19.b3 Nbxd5 20.exd5 Qd7 21.Qf2 Qh3+ 22.Kg1
Ng4 23.Rxe8+ Rxe8 24.Qg2 Re1+ 25.Nf1 Qh5 26.Bb2 Ne3 27.Rxe1 Nxg2 28.Kxg2 Qxd5+
29.Kf2 Kf8 30.Nd2 Qa5 31.Nc4 Qc5 32.Ba3 Qh5 33.Bxd6+ Kg7 34.h4 b5 35.Ne5 bxa4
36.bxa4 Qf5 37.Re2 Qh5 38.Nf3 d3 39.Rd2 Qf5 40.Be5+ f6 41.Bd4 Qe4 42.a5 Kf7
43.Bxa7 h6 44.Bb6 Ke6 45.a6 {#r} 1-0

[Event "It (open) (b)"]
[Site "masterchessopen.com - Moscow (Russia)"]
[Date "2008.02.07"]
[Round "6"]
[White "Semin Gennadiy (RUS)"]
[Black "Ustinov Alexey (RUS)"]
[Result "0-1"]
[WhiteElo "2171"]
[BlackElo "2067"]

1.d4 Nf6 2.c4 c5 3.d5 e6 4.Nc3 exd5 5.cxd5 d6 6.e4 g6 7.Nf3 Bg7 8.Be2 O-O
9.O-O Bg4 10.Bf4 Ne8 11.Qc2 a6 12.a4 Qc7 13.Rad1 Nd7 14.Rfe1 Rb8 15.h3 Bxf3
16.Bxf3 b5 17.axb5 axb5 18.Qe2 c4 19.b4 Ne5 20.Bxe5 Bxe5 21.Qd2 {#R} 0-1

[Event "Czech League 2007/08 (2nd) (f)"]
[Site "masterchessopen.com - Czech Republic"]
[Date "2008.04.06"]
[Round "11"]
[White "Vesely Martin (CZE)"]
[Black "Kleberc Karel (CZE)"]
[Result "0-1"]
[WhiteElo "2179"]
[BlackElo "2324"]

1.d4 Nf6 2.Nf3 g6 3.c4 Bg7 4.Nc3 d6 5.e4 O-O 6.Be2 c5 7.d5 e6 8.O-O exd5
9.cxd5 Bg4 10.Re1 a6 11.a4 Re8 12.h3 Bxf3 13.Bxf3 Nfd7 14.Qc2 c4 15.Be3 Qa5
16.Be2 Nc5 17.Bxc4 Qb4 18.Bd3 Nbd7 19.a5 Rac8 20.Reb1 Bd4 21.Na2 Qb3 22.Bxd4
Qxd3 23.Qxd3 Nxd3 24.f3 Rc2 25.Nc1 Nf4 26.Bf2 f5 27.exf5 gxf5 28.Kf1 Ne5
29.Ra4 Nc4 30.Rba1 Nd2+ 31.Kg1 Rxc1+ 32.Rxc1 Ne2+ 33.Kh2 Nxc1 {#R} 0-1

[Event "Ch Europe"]
[Site "masterchessopen.com - Plovdiv (Bulgaria)"]
[Date "2008.04.29"]
[Round "8"]
[White "Balog Imre (HUN)"]
[Black "Minasian Artashes (ARM)"]
[Result "0-1"]
[WhiteElo "1999"]
[BlackElo "2541"]

1.d4 g6 2.Nf3 Bg7 3.c4 c5 4.d5 d6 5.e4 Nf6 6.Nc3 O-O 7.Be2 e6 8.O-O exd5
9.cxd5 Bg4 10.Nd2 Bxe2 11.Qxe2 Nbd7 12.Nc4 Nb6 13.Ne3 Qe7 14.f3 Rae8 15.a4 a6
16.Ra3 Nh5 17.Rb3 Qc7 18.a5 Nd7 19.Qc2 c4 20.Ra3 f5 21.Ra4 f4 22.Nxc4 Nc5
23.Rb4 Bd4+ 24.Kh1 Ng3+ 25.hxg3 Qg7 26.Be3 Qh6+ 27.Kg1 fxg3 28.Re1 Qh2+ 29.Kf1
Rxf3+ 30.Ke2 Bxe3 31.Kxf3 Bf2 32.Ke2 Qh5+ 33.Kd2 Bxe1+ 34.Kxe1 Qh1+ {#R} 0-1

[Event "Tournament (qual)"]
[Site "masterchessopen.com - Cali (Colombia)"]
[Date "2008.05.03"]
[Round "4"]
[White "Guerrero Juan Carlos (COL)"]
[Black "Tovio Israel (COL)"]
[Result "0-1"]
[WhiteElo "2198"]
[BlackElo "2243"]

1.d4 Nf6 2.c4 c5 3.d5 g6 4.Nc3 Bg7 5.Nf3 O-O 6.e4 d6 7.Be2 e6 8.O-O exd5
9.cxd5 Bg4 10.Bf4 Re8 11.Nd2 Bxe2 12.Qxe2 Nh5 13.Be3 Nd7 14.a4 Bxc3 15.bxc3
Qf6 16.g4 Nf4 17.Qf3 g5 18.Bxf4 gxf4 19.h4 Ne5 20.Qh3 f3 21.Qg3 Kh8 22.g5 Qg6
23.Kh1 f6 24.Rg1 Rg8 25.Rae1 Qh5 26.Qf4 Raf8 27.Re3 fxg5 28.Rxg5 Qxg5 29.Qxg5
Rxg5 30.hxg5 Kg7 31.c4 Kg6 32.Rb3 b6 33.Kh2 Rf4 34.a5 bxa5 35.Ra3 Kxg5 36.Rxa5
Rg4 37.Kh1 Nd3 38.Nxf3+ Kf4 39.Nd2 Nxf2+ 40.Kh2 Nxe4 {#R} 0-1

[Event "Tournament (team) \"]
[Site "masterchessopen.com - Pultusk (Poland)"]
[Date "2008.07.02"]
[Round "4"]
[White "Barwinski Dionizy (POL)"]
[Black "Delega Tomasz (POL)"]
[Result "1-0"]
[WhiteElo "2204"]
[BlackElo "2164"]

1.d4 Nf6 2.c4 c5 3.d5 e6 4.Nc3 exd5 5.cxd5 d6 6.e4 g6 7.Be2 Bg7 8.Nf3 O-O
9.O-O Na6 10.Nd2 Nc7 11.Re1 Rb8 12.a4 b6 13.Nc4 Re8 14.f3 a6 15.Bf4 Bf8 16.h3
Nh5 17.Bh2 Qf6 18.e5 Rxe5 19.Nxe5 dxe5 20.Ne4 Qg7 21.d6 Ne6 22.d7 Bb7 23.Bc4
Rd8 24.Bxe6 fxe6 25.Qb3 Bd5 26.Qxb6 Rxd7 27.Qxa6 Nf4 28.Nc3 Bb7 29.Qb5 Rd2
30.Bxf4 exf4 31.Re2 Qd4+ 32.Kh1 Ba8 33.Rxd2 Qxd2 34.Rd1 Qf2 35.Qe2 Qe3 36.Rd8
Bd5 37.a5 Kf7 38.a6 Bg7 39.Qxe3 fxe3 40.Kg1 Bd4 41.Ne2 Bc4 42.Nxd4 cxd4 43.a7
d3 44.Rxd3 e2 45.Kf2 Bxd3 46.a8=Q {#r} 1-0

[Event "Ch Italy (juniors) (under 14)"]
[Site "masterchessopen.com - Merano (Italy)"]
[Date "2008.07.08"]
[Round "3"]
[White "Padovano Giuseppe"]
[Black "Melone Antonio (ITA)"]
[Result "0-1"]
[WhiteElo "1618"]
[BlackElo "1848"]

1.d4 Nf6 2.c4 c5 3.d5 d6 4.Nc3 g6 5.e4 Bg7 6.Nf3 O-O 7.Be2 e6 8.O-O exd5
9.cxd5 Bg4 10.Nd2 Bxe2 11.Qxe2 Re8 12.Nc4 Qe7 13.f3 Nh5 14.Re1 Bd4+ 15.Be3 a6
16.a4 Nd7 17.Qd2 Bxe3+ 18.Qxe3 g5 19.a5 Ne5 20.Nxe5 Qxe5 21.Ne2 Qxd5 22.Rad1
Qe5 23.Rd5 Qxd5 24.g4 Ng7 25.Kg2 Qe5 26.Ng3 Qxb2+ 27.Re2 Qe5 28.Rd2 Rad8
29.Qb3 Qe7 30.Rd5 Rc8 31.Nf5 Nxf5 32.Rxf5 Rc7 33.Qd5 h6 34.h4 Qe6 35.Qd2 f6
36.Qc1 c4 37.hxg5 hxg5 38.Qh1 Rh7 39.Qa1 c3 40.Qxc3 Qa2+ {#R} 0-1

[Event "Ch Switzerland"]
[Site "masterchessopen.com - Samnaun (Switzerland)"]
[Date "2008.07.11"]
[Round "2"]
[White "Carron Julien (SUI)"]
[Black "Gerber Richard (SUI)"]
[Result "1-0"]
[WhiteElo "2414"]
[BlackElo "2368"]

1.d4 g6 2.Nf3 Bg7 3.c4 Nf6 4.Nc3 O-O 5.e4 d6 6.Be2 c5 7.d5 e6 8.O-O exd5
9.cxd5 Bg4 10.Bf4 Re8 11.h3 Nxe4 12.hxg4 Bxc3 13.Bb5 Nd7 14.bxc3 Nxc3 15.Qb3
Re4 16.Bg5 f6 17.Qxc3 fxg5 18.Rfe1 Rxg4 19.Re6 Nb6 20.Re8+ Qxe8 21.Bxe8 Rxe8
22.Re1 Rge4 23.Rxe4 Rxe4 24.Qf6 Nxd5 25.Qxd6 Ne7 26.Ne5 Re1+ 27.Kh2 {#r} 1-0

[Event "It (open) \"]
[Site "masterchessopen.com - Athens (Greece)"]
[Date "2008.08.13"]
[Round "5"]
[White "Grapsa Georgia (GRE)"]
[Black "Pavlidis Anastasios (GRE)"]
[Result "0-1"]
[WhiteElo "2121"]
[BlackElo "2322"]

1.d4 Nf6 2.c4 c5 3.d5 e6 4.Nc3 exd5 5.cxd5 d6 6.e4 g6 7.Nf3 Bg7 8.Be2 O-O
9.O-O Bg4 10.h3 Bxf3 11.Bxf3 Re8 12.Qb3 Na6 13.Bf4 Rb8 14.a4 Nb4 15.Nb5 Bf8
16.Rfe1 a6 17.Nxd6 Bxd6 18.e5 c4 19.Qxc4 Rc8 20.Qb3 Nc2 21.Rad1 Nxe1 22.Rxe1
Nd7 23.Bg4 Nxe5 24.Bxe5 Rxe5 25.Rxe5 Rc1+ {#R} 0-1

[Event "It \"]
[Site "masterchessopen.com - England"]
[Date "2008.08.16"]
[Round "3"]
[White "Sherwood Chris"]
[Black "Lenier Jude (ENG)"]
[Result "1-0"]
[WhiteElo "1784"]
[BlackElo "1831"]

1.d4 Nf6 2.c4 c5 3.d5 e6 4.Nc3 exd5 5.cxd5 d6 6.e4 g6 7.Nf3 Bg7 8.Be2 O-O
9.O-O Na6 10.Bg5 Nc7 11.a4 Re8 12.Nd2 b6 13.Kh1 h6 14.Bh4 Rb8 15.f4 a6 16.Nf3
Bg4 17.e5 Bxf3 18.Bxf3 dxe5 19.d6 Na8 20.fxe5 Rxe5 21.Qb3 Re6 22.Bd5 Re3
23.Bxf7+ Kh7 24.Qc2 {#r} 1-0

[Event "It (open)"]
[Site "masterchessopen.com - Padova (Italy)"]
[Date "2008.12.16"]
[Round "4"]
[White "Naumkin Igor (RUS)"]
[Black "Mrdja Milan (CRO)"]
[Result "0-1"]
[WhiteElo "2506"]
[BlackElo "2401"]

1.d4 Nf6 2.c4 c5 3.d5 e6 4.Nc3 exd5 5.cxd5 d6 6.e4 g6 7.Nf3 Bg7 8.Be2 O-O
9.O-O Bg4 10.h3 Bxf3 11.Bxf3 Nbd7 12.Re1 a6 13.a4 Rc8 14.Bf4 Ne8 15.Qd2 c4
16.Bd1 Nc5 17.Bc2 Qa5 18.Rad1 Nd7 19.Kh1 Qb6 20.Rb1 Qc5 21.Be3 Qb4 22.Bh6 b5
23.axb5 axb5 24.Bxg7 Nxg7 25.f4 Rfe8 26.Qf2 f6 27.Re3 Qc5 28.Qe2 b4 29.Na4 Qa7
30.Bd1 Nf5 31.Rf3 Qd4 32.Bc2 b3 {#R} 0-1

[Event "Czech League 2008/09 (2nd) (c)"]
[Site "masterchessopen.com - Czech Republic"]
[Date "2009.01.25"]
[Round "7"]
[White "Vichnar David (CZE)"]
[Black "Vacek Martin (CZE)"]
[Result "1-0"]
[WhiteElo "2219"]
[BlackElo "2319"]

1.d4 Nf6 2.c4 c5 3.d5 e6 4.Nc3 exd5 5.cxd5 d6 6.e4 g6 7.Nf3 Bg7 8.Be2 O-O
9.O-O Na6 10.h3 h6 11.Nd2 Nc7 12.a4 Nfe8 13.Bg4 f5 14.exf5 gxf5 15.Bf3 Bd7
16.Nc4 b5 17.Na5 bxa4 18.Bf4 Rb8 19.Qd2 Kh7 20.Rfd1 Nb5 21.Nc6 Bxc6 22.dxc6
Nd4 23.Rxa4 Qb6 24.Rxd4 cxd4 25.Nd5 Qd8 26.Ra1 a5 27.Re1 Rb5 28.Re6 Qb8
29.Bxh6 Rxd5 30.Bxg7 Nxg7 31.Qh6+ Kg8 32.Bxd5 {#r} 1-0

[Event "Ch SibFO "]
[Site "masterchessopen.com - Irkutsk (Russia)"]
[Date "2009.05.14"]
[Round "7"]
[White "Kuznetsov Evgeny (RUS)"]
[Black "Badmatsyrenov Oleg (RUS)"]
[Result "0-1"]
[WhiteElo "2174"]
[BlackElo "2411"]

1.d4 Nf6 2.c4 e6 3.Nc3 c5 4.d5 exd5 5.cxd5 d6 6.Nf3 g6 7.e4 Bg7 8.Be2 O-O
9.O-O Na6 10.Nd2 Nc7 11.a4 b6 12.Nc4 Ba6 13.Bg5 Bxc4 14.Bxc4 Qe8 15.Re1 h6
16.Bf4 Qd7 17.Qd2 Ng4 18.h3 Ne5 19.Bf1 g5 20.Be3 f5 21.f4 gxf4 22.Bxf4 Qf7
23.Bxe5 Bxe5 24.Qxh6 Ne8 25.Be2 Ng7 26.Rf1 Qe7 27.exf5 Rxf5 28.Rxf5 Nxf5
29.Qg6+ Ng7 30.Bg4 Qf6 31.Qxf6 Bxf6 32.a5 Rb8 33.a6 b5 34.Bd7 b4 35.Nb5 Bxb2
36.Rb1 Be5 37.Bc6 Rb6 38.Nc7 c4 39.Bb5 c3 40.Rxb4 Nf5 41.Rg4+ Kf7 42.Bd3 Ne3
43.Ne6 Nxg4 {#R} 0-1

[Event "Ch Slovenia (team) (2 liga) East"]
[Site "masterchessopen.com - Maribor (Slovenia)"]
[Date "2009.06.06"]
[Round "3"]
[White "Berhtold Franc"]
[Black "Bukovec Tina (SLO)"]
[Result "1-0"]
[WhiteElo "1969"]
[BlackElo "1861"]

1.d4 Nf6 2.c4 c5 3.d5 e6 4.Nc3 exd5 5.cxd5 d6 6.Nf3 g6 7.e4 Bg7 8.Be2 O-O
9.O-O Bg4 10.Bg5 Bxf3 11.Bxf3 Re8 12.Re1 Nbd7 13.Qd2 Qb6 14.Rab1 Ne5 15.Be2 c4
16.h3 Rac8 17.Be3 Qa5 18.f4 Ned7 19.Bf3 b5 20.a3 Nc5 21.Bxc5 Rxc5 22.e5 dxe5
23.fxe5 Nd7 24.e6 fxe6 25.dxe6 Ne5 26.Bd5 Qb6 27.Qf2 Re7 28.Rf1 Nd3 29.Qe3 Qd6
30.Qf3 Bd4+ 31.Kh1 Nf2+ 32.Rxf2 Bxf2 33.Ne4 Qd8 34.Nxc5 Bxc5 35.Rf1 Bd4 36.Rd1
Qb6 37.Rf1 Qd8 38.Rd1 Qb6 39.a4 a6 40.axb5 axb5 41.Ra1 Ra7 42.e7+ Kg7 43.Qf8#
1-0

[Event "Ch Bayern (seniors) (open)"]
[Site "masterchessopen.com - Bergen (Germany)"]
[Date "2009.06.24"]
[Round "5"]
[White "Peiberg Ehrhard"]
[Black "Walther Reinhard (GER)"]
[Result "0-1"]
[WhiteElo "1671"]
[BlackElo "2005"]

1.d4 d6 2.Nf3 Nf6 3.c4 g6 4.Nc3 Bg7 5.e4 O-O 6.Be2 c5 7.d5 e6 8.O-O exd5
9.cxd5 Na6 10.Bg5 h6 11.Bh4 g5 12.Bg3 Nh5 13.Bxd6 Qxd6 14.Nxg5 Nf4 15.Nb5
Nxe2+ 16.Qxe2 Qg6 17.Qf3 hxg5 {#R} 0-1

[Event "It (open)"]
[Site "masterchessopen.com - Nachod (Czech Republic)"]
[Date "2009.07.12"]
[Round "9"]
[White "Simecek Bohumil (CZE)"]
[Black "Simacek Vaclav (CZE)"]
[Result "1-0"]
[WhiteElo "2144"]
[BlackElo "1742"]

1.d4 c5 2.d5 Nf6 3.c4 d6 4.Nc3 g6 5.e4 Bg7 6.Nf3 O-O 7.Be2 e6 8.O-O exd5
9.cxd5 Ng4 10.Nd2 Qh4 11.Nf3 Qe7 12.h3 Nh6 13.Bf4 a6 14.Qd2 f5 15.Bxh6 Bxh6
16.Qxh6 fxe4 17.Ng5 Rf5 18.Ncxe4 b5 19.Bg4 {#r} 1-0

[Event "Ch Europe (juniors) (under 16)"]
[Site "masterchessopen.com - Fermo (Italy)"]
[Date "2009.09.08"]
[Round "8"]
[White "Piccinini Samuele (ITA)"]
[Black "Kaforos Dimitrios-Alkis (GRE)"]
[Result "0-1"]
[WhiteElo "1908"]
[BlackElo "2203"]

1.d4 Nf6 2.c4 c5 3.d5 e6 4.Nc3 exd5 5.cxd5 d6 6.e4 g6 7.Nf3 Bg7 8.Be2 O-O
9.O-O Bg4 10.h3 Bxf3 11.Bxf3 Nbd7 12.Bf4 Qe7 13.Re1 a6 14.a4 Ne5 15.Bh2 Nfd7
16.Be2 g5 17.g3 Ng6 18.Bg4 Nde5 19.Bf5 c4 20.Rf1 Nd3 21.Qd2 Rab8 22.b3 Nc5
23.bxc4 Nb3 24.Qb2 Nxa1 25.Rxa1 Ne5 26.Qe2 Qc7 27.f4 Qxc4 28.fxe5 Qxc3 29.Rf1
Qxe5 30.Kh1 Qb2 31.Qh5 h6 32.h4 Qd2 33.Rd1 Qe3 34.Kg2 Rbc8 35.Bg1 Rc2+ 36.Kh3
Qe2 37.Qxe2 Rxe2 38.Rb1 Rb2 39.Rc1 gxh4 40.gxh4 Be5 41.Kg4 Kg7 42.Kh5 Kf6
43.Be3 Rh2 44.Rf1 Bg3 45.Kg4 Rg8+ 46.Bg5+ hxg5 47.Bh7+ Bf4 48.Bxg8 Rxh4+ {#R}
0-1

[Event "Ch Germany (seniors) (team)"]
[Site "masterchessopen.com - Finsterbergen (Germany)"]
[Date "2009.09.16"]
[Round "5"]
[White "Niebling Ferdinand (GER)"]
[Black "Nuenchert Eveline (GER)"]
[Result "1-0"]
[WhiteElo "2177"]
[BlackElo "2119"]

1.d4 Nf6 2.c4 e6 3.Nc3 c5 4.d5 exd5 5.cxd5 d6 6.e4 g6 7.Nf3 Bg7 8.Be2 O-O
9.O-O Na6 10.Nd2 Nc7 11.a4 Nfe8 12.Nc4 f5 13.f4 fxe4 14.Nxe4 b5 15.axb5 Nxb5
16.Ng5 Qf6 17.Nb6 axb6 18.Rxa8 Nec7 19.Rb8 Nd4 20.Rxb6 Nxe2+ 21.Qxe2 Nxd5
22.Rb3 Qf5 23.h3 Nc7 24.Qe4 d5 25.Qxf5 Bxf5 26.Rb7 Rc8 27.g4 Bd4+ 28.Kg2 Bd7
29.Nf3 Bc6 30.Rb6 Bb5 31.Re1 Kf8 32.f5 gxf5 33.gxf5 Bd3 34.Nxd4 cxd4 35.Rc6
Kf7 36.Bg5 Be4+ 37.Kf2 {#r} 1-0

[Event "It (open)"]
[Site "masterchessopen.com - Valasska Bystrice (Czech Republic)"]
[Date "2009.09.16"]
[Round "6"]
[White "Kulistak Milan (CZE)"]
[Black "Babula Milan (CZE)"]
[Result "0-1"]
[WhiteElo "2006"]
[BlackElo "2285"]

1.d4 Nf6 2.c4 c5 3.d5 e6 4.Nc3 exd5 5.cxd5 d6 6.e4 g6 7.Nf3 Bg7 8.Be2 O-O
9.O-O Bg4 10.Nd2 Bxe2 11.Qxe2 Nbd7 12.Nc4 Ne8 13.Bf4 Qe7 14.Rae1 a6 15.a4 b5
16.axb5 Bxc3 17.bxc3 axb5 18.Nd2 Nc7 19.Bh6 Rfe8 20.Qg4 Ne5 21.Qg3 f6 22.h4
Nf7 23.Be3 Ra3 24.h5 g5 25.Nb1 Rb3 26.f4 h6 27.fxg5 fxg5 28.Rf3 Ne5 29.Rf5 Rf8
30.Bf4 Rxf5 31.exf5 Nxd5 32.Bxe5 dxe5 33.Rxe5 Rxb1+ 34.Kh2 Qf7 35.Qd3 Qxh5+
{#R} 0-1